Špecializované zariadenie pre ZŤP seniorov

Gespeichert in:
Bibliographische Detailangaben
1. Verfasser: Frandulič, Samuel (Verfasst von)
Weitere Verfasser: Ingeli, Rastislav (Betreuung Doktorarbeit)
Format: Manuskript Buch
Sprache:Slowakisch
Veröffentlicht: 2024
Schlagworte:
Online-Zugang:http://is.stuba.sk/zp/portal_zp.pl?podrobnosti=175970
https://opac.crzp.sk/?fn=detailBiblioForm&sid=2AE6DDBEFC900DBBA653AA3C8A40
Tags: Tag hinzufügen
Keine Tags, Fügen Sie das erste Tag hinzu!

MARC

LEADER 00000ntm a22000003a 4500
001 stuzp99247
003 SK-STU
005 20240919142402.5
007 ta
008 150427s2015----xo-----f-mn---000-0-slo-d
040 |a STU  |b slo 
041 0 |a slo 
100 1 |a Frandulič, Samuel  |u 010180  |4 aut  |U SvF Stavebná fakulta  |T SvF Katedra konštrukcií pozemných stavieb  |X 99007  |U V180  |Y 18  |7 99007 
242 0 1 |a Specialized facility for ZŤP seniors  |y eng 
245 1 0 |a Špecializované zariadenie pre ZŤP seniorov 
260 |c 2024 
650 4 |a senior  |2 slo 
650 4 |a bezbariérovosť  |2 slo 
650 4 |a ZŤP  |2 slo 
650 4 |a zdravotnícke zariadenie  |2 slo 
650 4 |a ubytovanie  |2 slo 
650 4 |a rehabilitácia  |2 slo 
650 4 |a Snina  |2 slo 
650 4 |a Stakčín  |2 slo 
650 4 |a Domov sociálnych služieb  |2 slo 
650 4 |a DSS  |2 slo 
650 4 |a seniori  |2 slo 
650 4 |a rehabilitation  |2 eng 
650 4 |a elderly  |2 eng 
650 4 |a Social services home  |2 eng 
650 4 |a disabled  |2 eng 
650 4 |a wheelchair accessibility  |2 eng 
650 4 |a barrier-free  |2 eng 
650 4 |a medical facility  |2 eng 
650 4 |a accomodation  |2 eng 
650 4 |a Snina  |2 eng 
650 4 |a Stakčín  |2 eng 
700 1 |a Ingeli, Rastislav  |u 010180  |k Z1  |4 ths  |U SvF Stavebná fakulta  |T SvF Katedra konštrukcií pozemných stavieb  |X 23863  |U V180  |Y 18  |7 A000023863 
856 4 |u http://is.stuba.sk/zp/portal_zp.pl?podrobnosti=175970 
856 4 |u https://opac.crzp.sk/?fn=detailBiblioForm&sid=2AE6DDBEFC900DBBA653AA3C8A40